| 000 | 00474nam a2200157 a 4500 | ||
|---|---|---|---|
| 001 | 000036555 | ||
| 005 | 20200930075809.0 | ||
| 008 | 120120s1993 xxu 000 0 spa d | ||
| 040 |
_aDO-SdBNP _bspa _cBNPHU |
||
| 041 | 1 | 7 | _aeng |
| 100 | 1 |
_aSurmanek, Jim. _962815 |
|
| 245 | 1 | 0 |
_aIntroductión to advertising media : _bresearch, planning, and buying / _cJim Surmanek. |
| 260 |
_aIllinois:. : _bBusiness Books, _c1993. |
||
| 300 |
_a357 p. ; _c25 cm. |
||
| 500 | _aIncluye índice | ||
| 999 |
_c36046 _d36046 |
||